| 000 | 00604 a2200181 4500 | ||
|---|---|---|---|
| 999 |
_c2820 _d2820 |
||
| 020 | _a9780324786552 | ||
| 050 | _aHF 5549 GAR 2010 | ||
| 100 |
_aGartner, William B . _eauthor |
||
| 245 |
_aEnterprise: _cWilliam B Gartner and Marlene G Bellamy |
||
| 250 | _ainternational edition | ||
| 264 |
_aAustralia : _bSouth-Western Cengage Learning, ♭2010. _c2010. |
||
| 300 |
_axv. 566 p . : _bill. (col.) . |
||
| 500 | _aincludes indexes. | ||
| 650 | _a New business enterprises | ||
| 651 | _aEntrepreneurship. | ||
| 700 |
_aBellamy Marlene G _eauthor |
||
| 942 |
_2lcc _cBK _einternational edition _h5549 _iGAR _kHF |
||